Statistics for The Americas Geography by Letter - V

Click here to take the quiz!

General Stats

  • This quiz has been taken 119 times
    (40 since last reset)
  • The average score is 13 of 20

Answer Stats

ClueAnswer% Correct
Country ruled by Nicolás MaduroVenezuela
100%
2010 Winter Olympics host cityVancouver
100%
Richmond is its capitalVirginia
97%
State in New EnglandVermont
97%
Saint _______ and the GrenadinesVincent
95%
City in the above named for
a city in Spain
Valencia
92%
Afro-American religion practiced
in Haiti and Louisiana
Vodou
86%
Massachusetts island for rich peopleMartha's {Vineyard}
84%
Capital of the British ColumbiaVictoria
73%
Ojos del Salado, at 6893 meters,
is the world's highest ...
Volcano
70%
Saint Croix, Tortola, Vieques, e.g.Virgin Islands
57%
Second-biggest city in ChileValparaíso
51%
Famous Colorado ski resortVail
49%
Norse colony in CanadaVinland
49%
Coastal Mexican stateVeracruz
46%
Where George Washington spent
a very cold winter
Valley Forge
35%
Nickname of TennesseeThe {Volunteer}
State
35%
Mammal that is similar to an alpacaVicuña
35%
City in Mississippi that was
site of a Civil War battle
Vicksburg
32%
Georgian city of sweet onionsVidalia
22%

Score Distribution

Percentile by Number Answered

Percent of People with Each Score

Your Score History

You have not taken this quiz since the last reset